01330cam a2200313 a 450000100100000000500170001000800410002702000150006804000230008308200190010610000440012524501000016926000510026930000210032049000600034150400910040150400440049265000340053665000370057065000420060760000440064970000350069370000410072883000670076991000340083604900090087095201220087999900150100100000895020200929161440.0040727s2002 pr b 001 1 spa  a1563281694 aDO-SdBNPcDLCdDLC aPR863.4bL181L1 aLaguerre, Enrique A.,d1906-200592354013aLa llamarada /cEnrique Laguerre ; edición, Marithelma Costa, prólogo, Antonio S. Pedreira. aSan Juan, (Puerto Rico) :bPlaza Mayor,c2002. a448 p. ;c21 cm.1 aClásicos Comentados de la Literatura Puertorriqueña aBibliografía p. (429-431), Incluye índice léxico, onomástico y fraseológico. aÍncluye notas al pie de las páginas 4aNovela puertorriqueña91185 4aLiteratura puertorriqueña9250 4aNovela social puertorriqueña92354114aLAGUERRE, ENRIQUE A.tLLAMARADA.9235421 aCosta, Marithelma,eed.9223461 aPedreira, Antonio S,epról.923543 0aClásicos Comentados de la Literatura Puertorriqueña913571 aCatalogación por copia / LC aBNGR 001052708MOaGRbGRcCTd2009-09-21iLF1l0oPR863.4 L181Lp8950-10r2020-06-25w2020-06-25y2ZPréstamo interno c8715d8715